[Event "7th Iberoamerican-ch 2019"]
[Site "Linares"]
[Date "2019.08.12"]
[Round "3.19"]
[White "Diaz Mino, Pablo"]
[Black "Fier, Alexandr"]
[Result "0-1"]
[WhiteElo "2109"]
[BlackElo "2547"]
[Annotator "TA"]
[PlyCount "118"]
[EventDate "2019.08.10"]
[EventType "swiss"]
[EventCountry "ESP"]
[SourceTitle "playchess.com"]
[Source "ChessBase"]
[SourceQuality "1"]

{[%evp 22,118,11,0,8,0,0,-22,-15,-93,-81,-122,-127,-133,-133,-157,-144,-160,-130,-134,-38,-50,-34,-11,11,0,27,22,12,16,65,0,58,0,0,0,0,0,0,0,0,0,0,0,0,-65,-49,-314,-306,-343,-431,-404,-422,-425,-421,-387,-280,-377,-377,-498,39,0,33,-40,0,0,0,0,0,0,0,0,0,0,0,0,0,0,0,0,0,-933,-829,-2312,-2137,-1266,-2077,-1906,-1840,-29980,-29981,-29981,-29982,-29987,-29988,-29988,-29989,-29989,-29990]} 1. d4 Nf6 2. c4 e6 3. g3 c5 4. d5 exd5 5. cxd5 d6 6. Nc3 g6 7. Bg2 Bg7 8. Nf3 O-O 9. O-O Re8 10. Nd2 a6 11. a4 Nbd7 12. h3 b6 {[%cal Bb7b6,Bb6b5,Bb5b4][%mdl 32] A64: Modern Benoni: Fianchetto Variation: 9...Nbd7 10 Nd2 a6 11 a4 Re8} (12... Rb8 13. Nc4 Ne5 14. Na3 Nh5 15. e4 Bd7 16. g4 Nf6 17. g5 Nh5 18. f4 b5 19. fxe5 b4 20. Nc4 bxc3 21. bxc3 Bxe5 22. Qf3 f5 23. gxf6 Qxf6 24. Nxe5 Qxe5 {0-1 (60) So,W (2812)-Nakamura,H (2785) Stavanger 2017}) 13. Nc4 Ne5 14. Na3 Nh5 {The position is equal.} 15. e4 {[#]} (15. Rb1 $11) 15... b5 $1 $17 {[%cal Rb5b4][%mdl 512]} 16. Nc2 $146 (16. axb5 axb5) ({Predecessor:} 16. g4 Qh4 17. gxh5 Bxh3 18. Nc2 b4 19. h6 Bxh6 20. Bxh6 bxc3 {0-1 (52) Zubritskiy,A (2440)-Ponkratov,P (2590) St Petersburg 2017}) 16... b4 17. Ne2 a5 18. g4 Nf6 19. f4 {[#]} Nexg4 $1 {[%mdl 512]} 20. hxg4 Nxe4 (20... Bxg4 $17 21. e5 Nh5) 21. Bxe4 $15 Rxe4 22. Ng3 Re8 (22... Rc4 $5 {[%cal Rd8h4]} 23. g5 h5 $11) 23. Kg2 Ra7 24. Qf3 b3 25. Na3 {aiming for Nb5.} f5 26. g5 (26. gxf5 $14 Bxf5 27. Nc4 (27. Qxb3 $2 Qh4 $19) (27. Nxf5 gxf5 28. Nb5 Rae7 $11)) 26... Rae7 (26... Ba6 $1 $11) 27. Rb1 (27. Nb5 $14) 27... Bb7 28. Nb5 $1 Qa8 $36 {[%mdl 2048] Black has the initiative.} 29. Rd1 Bd4 $1 30. Nc3 $1 ({Wrong is} 30. Nxd4 $2 Bxd5 31. Kf2 Bxf3 $19) 30... Ba6 31. Nb5 Bxb5 32. axb5 a4 33. Bd2 (33. Ra1 $11) 33... Qb7 34. Rdc1 $2 {[%mdl 8192]} (34. b6 $15) 34... Qxb5 $19 35. Qf1 {[#]} Re2+ $1 {[%mdl 576] Double Attack} 36. Kh3 {[#]} (36. Nxe2 Rxe2+) 36... Bf2 $1 ({Not} 36... Qd3 37. Re1 $11) 37. Rc3 Bxg3 $1 38. Kxg3 Qb7 39. Re1 Rxe1 40. Bxe1 Qxd5 $2 (40... a3 $19 41. Rd3 Qa6) 41. Bf2 $14 h5 {Strongly threatening ...a3!} (41... Re4 $5 {[%cal Rd5d2]}) 42. Qb5 (42. gxh6 $14 g5 43. fxg5) 42... Kf8 (42... Qe4 $5 {[%cal Rh5h4]} 43. Rf3 Rd8 $17) 43. Re3 Rxe3+ 44. Bxe3 Qe4 45. Kf2 Ke7 {...h4 is the strong threat.} 46. Qb8 Qc2+ {[%mdl 64] Double Attack} 47. Kf3 Qxb2 48. Qc7+ Ke6 49. Qc8+ Kd5 50. Qg8+ Kc6 {And now ...Qc2 would win.} 51. Qa8+ $2 {[%mdl 8192]} (51. Qe8+ $11 Kb6 52. Qxg6 {[%mdl 64] Double Attack}) 51... Kb5 $19 {Threatens to win with ...Qc2.} 52. Qb7+ Kc4 53. Qa6+ Kb4 54. Qxd6 Qc3 55. Kf2 Qc2+ {Black mates.} 56. Kf3 b2 57. Qb6+ Ka3 58. Bxc5+ Ka2 59. Qb4 Qb3+ {Accuracy: White = 45%, Black = 61%.} 0-1

[Event "7th Iberoamerican-ch 2019"]
[Site "Linares"]
[Date "2019.08.12"]
[Round "3.20"]
[White "Rodriguez Perez, Angel Mariano"]
[Black "Roselli Mailhe, Bernardo"]
[Result "1-0"]
[WhiteElo "2223"]
[BlackElo "2471"]
[Annotator "ChessBase"]
[PlyCount "103"]
[EventDate "2019.08.10"]
[EventType "swiss"]
[EventCountry "ESP"]
[SourceTitle "playchess.com"]
[Source "ChessBase"]
[SourceQuality "1"]
[TimeControl "5400+30"]

1. e4 {[%emt 0:00:00]} c5 {[%emt 0:00:00]} 2. Nc3 {[%emt 0:00:00]} e6 {[%emt 0:00:00]} 3. g3 {[%emt 0:01:05]} Nc6 {[%emt 0:00:13]} 4. Bg2 {[%emt 0:00:34]} Nf6 {[%emt 0:00:26]} 5. Nge2 {[%emt 0:00:33]} d5 {[%emt 0:00:46]} 6. exd5 {[%emt 0:00:39]} exd5 {[%emt 0:00:08]} 7. d4 {[%emt 0:00:32]} cxd4 {[%emt 0:06:15]} 8. Nxd4 {[%emt 0:02:34]} Be7 {[%emt 0:03:33]} 9. O-O {[%emt 0:00:36]} O-O {[%emt 0:00:14]} 10. h3 {[%emt 0:00:55]} a6 {[%emt 0:12:52]} 11. Nce2 {[%emt 0:02:53]} Re8 {[%emt 0:07:35]} 12. c3 {[%emt 0:00:19]} Ne4 {[%emt 0:06:09]} 13. Nf4 {[%emt 0:12:06]} Bf6 {[%emt 0:07:19]} 14. Nb3 {[%emt 0:11:02]} Ne7 {[%emt 0:07:09]} 15. Be3 {[%emt 0:05:33]} Nf5 {[%emt 0:08:54]} 16. Bd4 {[%emt 0:07:29]} Nxd4 {[%emt 0:02:11]} 17. Nxd4 {[%emt 0:00:11]} Be5 {[%emt 0:02:34]} 18. Nde2 {[%emt 0:02:26]} Nf6 {[%emt 0:02:19]} 19. Qb3 {[%emt 0:04:39]} Be6 {[%emt 0:13:12]} 20. Nxe6 {[%emt 0:02:06]} Rxe6 {[%emt 0:00:34]} 21. Rfe1 {[%emt 0:04:45]} Rb6 {[%emt 0:01:22]} 22. Qc2 {[%emt 0:01:21]} Qd7 {[%emt 0:00:09]} 23. Rab1 {[%emt 0:04:17]} Re8 {[%emt 0:00:48]} 24. Qd2 {[%emt 0:02:20]} Rbe6 {[%emt 0:02:36]} 25. Kh2 {[%emt 0:02:27]} Qe7 {[%emt 0:00:53]} 26. Red1 {[%emt 0:04:29]} h5 {[%emt 0:02:32]} 27. Nf4 {[%emt 0:01:00]} Rd6 {[%emt 0:04:34]} 28. Nxd5 {[%emt 0:02:19]} Nxd5 {[%emt 0:00:14]} 29. Bxd5 {[%emt 0:00:06]} h4 {[%emt 0:00:18]} 30. c4 {[%emt 0:01:39]} hxg3+ {[%emt 0:05:09]} 31. fxg3 {[%emt 0:00:04]} Qh4 {[%emt 0:00:12]} 32. Qg2 {[%emt 0:02:21]} Rg6 {[%emt 0:01:15]} 33. Rd3 {[%emt 0:01:14]} Bc7 {[%emt 0:01:01]} 34. Rf1 {[%emt 0:01:28]} Rf6 {[%emt 0:00:53]} 35. Rxf6 {[%emt 0:01:27]} gxf6 {[%emt 0:00:06]} 36. Bxf7+ {[%emt 0:02:01]} Kxf7 {[%emt 0:00:06]} 37. Rd7+ {[%emt 0:00:05]} Kg6 {[%emt 0:00:13]} 38. Rxc7 {[%emt 0:00:15]} Qd4 {[%emt 0:00:05]} 39. Qc2+ {[%emt 0:00:55]} f5 {[%emt 0:00:06]} 40. Rxb7 {[%emt 0:01:40]} Re1 {[%emt 0:01:22]} 41. Qg2 {[%emt 0:01:14]} Re6 {[%emt 0:01:12]} 42. Rc7 {[%emt 0:01:56]} Qd6 {[%emt 0:00:57]} 43. Rc8 {[%emt 0:01:12]} Qd7 {[%emt 0:00:46]} 44. Rc5 {[%emt 0:00:28]} Qe8 {[%emt 0:01:45]} 45. Qf3 {[%emt 0:01:50]} Re2+ {[%emt 0:00:13]} 46. Kg1 {[%emt 0:00:28]} Qe4 {[%emt 0:00:01]} 47. Rc6+ {[%emt 0:01:56]} Kg7 {[%emt 0:00:08]} 48. Qxe4 {[%emt 0:00:10]} fxe4 {[%emt 0:00:04]} 49. Rxa6 {[%emt 0:00:52]} Kf7 {[%emt 0:00:02]} 50. b4 {[%emt 0:00:44]} e3 {[%emt 0:00:19]} 51. Kf1 {[%emt 0:00:26]} Rb2 {[%emt 0:00:29]} 52. a3 {[%emt 0:00:18]} 1-0

[Event "7th Iberoamerican-ch 2019"]
[Site "Linares"]
[Date "2019.08.12"]
[Round "3.21"]
[White "Larino Nieto, David"]
[Black "Jimenez Bernal, Francisco"]
[Result "1-0"]
[WhiteElo "2471"]
[BlackElo "2222"]
[Annotator "TA"]
[PlyCount "73"]
[EventDate "2019.08.10"]
[EventType "swiss"]
[EventCountry "ESP"]
[SourceTitle "playchess.com"]
[Source "ChessBase"]
[SourceQuality "1"]

{[%evp 9,73,12,19,6,36,37,42,38,51,13,17,11,9,14,19,0,6,-22,0,0,27,20,64,40,46,60,69,29,33,27,16,0,0,0,16,12,12,25,39,0,0,0,0,0,39,39,39,0,39,39,39,39,39,39,76,54,219,173,216,210,195,199,327,314,877,858]} 1. e4 c5 2. Nf3 d6 3. d4 Nf6 4. Nc3 cxd4 5. Qxd4 Nc6 6. Bb5 {B53: Sicilian: 2...d6: Lines with Qxd4} Bg4 (6... Bd7 7. Bxc6 Bxc6 8. Bg5 e6 9. O-O-O Be7 10. Qd3 Qa5 11. h4 h6 12. Bd2 Qa6 13. Nd4 Qxd3 14. cxd3 Ng4 15. Nxc6 bxc6 16. Rdf1 d5 17. Kc2 Bc5 18. Nd1 h5 19. Bc3 Nf6 20. f3 {1-0 (59) Hamdouchi,H (2580)-Navara,D (2727) Brest 2018}) 7. Qd3 Bxf3 8. Qxf3 {White is slightly better.} Nd7 $146 ({Predecessor:} 8... Rc8 9. O-O a6 10. Bxc6+ bxc6 11. b3 g6 12. Bb2 Bg7 13. Na4 O-O {½-½ (49) Cuartas,C (2435)-Barczay,L (2445) Dortmund 1982}) 9. Bxc6 bxc6 10. b3 g6 11. Bb2 Bg7 12. h4 h5 13. Qe2 Qa5 14. Rh3 Ne5 15. O-O-O Ng4 16. Kb1 Bf6 17. f3 Ne5 18. f4 Ng4 $1 19. Rf3 O-O 20. e5 dxe5 21. f5 Rad8 22. Rxd8 Rxd8 23. fxg6 fxg6 24. Bc1 Rd4 ({Don't go for} 24... Bxh4 $2 25. Qc4+ Kh8 26. Rh3 $18) 25. g3 Qb4 26. a3 Qa5 27. Bb2 {[%mdl 1024] White has compensation.} Qd8 28. Rf1 Kg7 (28... Rd2 $5 {[%cal Rd2e2]} 29. Qe4 Kg7 $14) 29. Ne4 Rd5 30. Ka2 Qb6 31. Rf3 Qg1 32. Rc3 c5 $2 {[#]} (32... Qb6 $14) 33. Qb5 Qg2 34. Nxf6 Nxf6 35. Rxc5 Rd2 (35... Rxc5 {was worth a try.} 36. Qxc5 {[%mdl 64] Double Attack} Kf7) 36. Qc4 $18 ({Inferior is} 36. Rxe5 Rxc2 37. Rxe7+ Kf8 $15) 36... Qe2 $2 {[#]} (36... Qf2 37. Bxe5 Qe2) 37. Qe6 $1 {[%mdl 576] Double Attack. Accuracy: White = 57%, Black = 27%.} 1-0

[Event "7th Iberoamerican-ch 2019"]
[Site "Linares"]
[Date "2019.08.12"]
[Round "3.22"]
[White "Perera Borrego, Maria Adela"]
[Black "Fluvia Poyatos, Jordi"]
[Result "0-1"]
[WhiteElo "2179"]
[BlackElo "2455"]
[Annotator "RC"]
[PlyCount "162"]
[EventDate "2019.08.10"]
[EventType "swiss"]
[EventCountry "ESP"]
[SourceTitle "playchess.com"]
[Source "ChessBase"]
[SourceQuality "1"]
[TimeControl "5400+30"]

1. d4 {[%emt 0:00:00]} d5 {[%emt 0:00:00]} 2. Nf3 {[%emt 0:00:00]} Nc6 {[%emt 0:01:31]} 3. e3 {[%emt 0:02:04]} Bg4 {[%emt 0:04:21]} 4. h3 {[%emt 0:00:22]} Bxf3 {[%emt 0:07:41]} 5. Qxf3 {[%emt 0:02:00]} e5 {[%emt 0:00:28]} 6. Qd1 {[%emt 0:06:42]} exd4 {[%emt 0:07:46]} 7. exd4 {[%emt 0:00:23]} Qf6 {[%emt 0:01:00]} 8. c3 {[%emt 0:01:42]} Bd6 {[%emt 0:00:14]} 9. Be2 {[%emt 0:02:45]} Nge7 {[%emt 0:01:24]} 10. Nd2 {[%emt 0:02:40]} g5 {[%emt 0:02:41]} 11. Nf1 {[%emt 0:02:23]} Nf5 {[%emt 0:10:57]} 12. Ne3 {[%emt 0:01:15]} Nce7 {[%emt 0:01:29]} 13. Qd3 {[%emt 0:06:14]} Nxe3 {[%emt 0:02:16]} 14. Bxe3 {[%emt 0:00:36]} O-O-O {[%emt 0:00:40]} 15. O-O-O {[%emt 0:01:01]} Kb8 {[%emt 0:01:24]} 16. g3 {[%emt 0:10:35]} Nf5 {[%emt 0:02:02]} 17. Bd2 {[%emt 0:00:32]} Ne7 {[%emt 0:05:17]} 18. Rdf1 {[%emt 0:05:17]} Ng6 {[%emt 0:05:15]} 19. Kb1 {[%emt 0:01:13]} c6 {[%emt 0:00:56]} 20. Be3 {[%emt 0:05:42]} Rde8 {[%emt 0:01:38]} 21. Bc1 {[%emt 0:01:38]} h5 {[%emt 0:05:19]} 22. Bd1 {[%emt 0:04:23]} h4 {[%emt 0:02:21]} 23. b4 {[%emt 0:02:01]} Ne7 {[%emt 0:06:41]} 24. Bc2 {[%emt 0:02:47]} Nc8 {[%emt 0:01:29]} 25. a4 {[%emt 0:01:15]} Bc7 {[%emt 0:00:54]} 26. Rhg1 {[%emt 0:08:50]} Reg8 {[%emt 0:01:24]} 27. f4 {[%emt 0:05:40]} gxf4 {[%emt 0:02:04]} 28. g4 {[%emt 0:00:46]} Re8 {[%emt 0:10:14]} 29. Qf3 {[%emt 0:03:51]} Re7 {[%emt 0:01:07]} 30. g5 {[%emt 0:05:44]} Qd6 {[%emt 0:00:45]} 31. Rg4 {[%emt 0:00:45]} Qe6 {[%emt 0:03:18]} 32. Bxf4 {[%emt 0:00:32]} Bxf4 {[%emt 0:00:35]} 33. Qxf4+ {[%emt 0:00:21]} Ka8 {[%emt 0:00:13]} 34. Qf6 {[%emt 0:04:38]} Qe2 {[%emt 0:02:39]} 35. Rgf4 {[%emt 0:05:04]} Rg8 {[%emt 0:01:56]} 36. a5 {[%emt 0:00:40]} a6 {[%emt 0:00:33]} 37. R4f3 {[%emt 0:01:53]} Qd2 {[%emt 0:01:33]} 38. Qf4 {[%emt 0:01:21]} Qxf4 {[%emt 0:01:56]} 39. Rxf4 {[%emt 0:00:01]} Nd6 {[%emt 0:00:29]} 40. Rf6 {[%emt 0:02:34]} Nb5 {[%emt 0:00:40]} 41. Rxf7 {[%emt 0:00:30]} Rxf7 {[%emt 0:00:07]} 42. Rxf7 {[%emt 0:00:02]} Rxg5 {[%emt 0:00:28]} 43. Bf5 {[%emt 0:01:57]} Rg1+ {[%emt 0:02:07]} 44. Kb2 {[%emt 0:00:30]} Rg2+ {[%emt 0:00:11]} 45. Kc1 {[%emt 0:00:28]} Rg3 {[%emt 0:00:13]} 46. Kd2 {[%emt 0:00:19]} Nxc3 47. Rh7 {[%emt 0:00:30]} Nb5 {[%emt 0:04:34]} 48. Rxh4 {[%emt 0:00:12]} Rf3 {[%emt 0:00:13]} 49. Be6 {[%emt 0:01:12]} Rf6 {[%emt 0:00:42]} 50. Bd7 {[%emt 0:00:19]} Rf7 {[%emt 0:00:05]} 51. Be6 {[%emt 0:00:30]} Rf6 {[%emt 0:00:03]} 52. Bd7 {[%emt 0:00:07]} Nd6 {[%emt 0:00:24]} 53. Rh8+ {[%emt 0:00:15]} Ka7 {[%emt 0:00:05]} 54. Rh7 {[%emt 0:00:23]} Kb8 {[%emt 0:00:28]} 55. h4 {[%emt 0:00:22]} Rf4 {[%emt 0:00:09]} 56. Ke3 {[%emt 0:01:20]} Re4+ {[%emt 0:00:04]} 57. Kd3 {[%emt 0:00:44]} Nb5 {[%emt 0:00:11]} 58. Rh8+ {[%emt 0:00:19]} Kc7 {[%emt 0:00:13]} 59. Bf5 {[%emt 0:00:09]} Rxd4+ {[%emt 0:00:55]} 60. Ke3 {[%emt 0:00:01]} Kd6 {[%emt 0:01:42]} 61. Rh6+ {[%emt 0:00:47]} Ke5 {[%emt 0:00:55]} 62. Bc8 {[%emt 0:00:24]} Re4+ {[%emt 0:00:14]} 63. Kd3 {[%emt 0:00:46]} Rxb4 {[%emt 0:00:34]} 64. Bxb7 {[%emt 0:00:51]} Rb3+ {[%emt 0:00:17]} 65. Kd2 {[%emt 0:00:10]} Nd6 {[%emt 0:01:42]} 66. Bxc6 {[%emt 0:00:18]} Ne4+ {[%emt 0:00:27]} 67. Kc2 {[%emt 0:00:56]} Rc3+ {[%emt 0:00:08]} 68. Kb2 {[%emt 0:00:06]} Rc5 {[%emt 0:00:05]} 69. Kb3 {[%emt 0:01:00]} Rxa5 {[%emt 0:01:13]} 70. Kb4 {[%emt 0:00:05]} Rc5 {[%emt 0:00:27]} 71. Rh5+ {[%emt 0:01:10]} Kf4 {[%emt 0:00:52]} 72. Bd7 {[%emt 0:00:36]} a5+ {[%emt 0:00:10]} 73. Kb3 {[%emt 0:00:10]} d4 {[%emt 0:00:28]} 74. Rh8 {[%emt 0:00:34]} d3 {[%emt 0:00:13]} 75. Rf8+ {[%emt 0:00:21]} Ke3 {[%emt 0:00:42]} 76. Bg4 {[%emt 0:00:20]} d2 {[%emt 0:00:27]} 77. h5 {[%emt 0:00:37]} Nf2 {[%emt 0:00:37]} 78. Re8+ {[%emt 0:00:36]} Kd4 {[%emt 0:00:51]} 79. Bf3 {[%emt 0:00:23]} Rc3+ {[%emt 0:00:11]} 80. Kb2 {[%emt 0:00:58]} Rxf3 {[%emt 0:00:08]} 81. Rd8+ {[%emt 0:00:27]} Ke3 {[%emt 0:00:05]} 0-1

[Event "7th Iberoamerican-ch 2019"]
[Site "Linares"]
[Date "2019.08.12"]
[Round "3.23"]
[White "Gines Esteo, Pedro Antonio"]
[Black "Romero Berruezo, Francisco"]
[Result "1/2-1/2"]
[WhiteElo "2404"]
[BlackElo "2161"]
[Annotator "NA"]
[PlyCount "136"]
[EventDate "2019.08.10"]
[EventType "swiss"]
[EventCountry "ESP"]
[SourceTitle "playchess.com"]
[Source "ChessBase"]
[SourceQuality "1"]
[TimeControl "5400+30"]

1. Nf3 {[%emt 0:00:04]} d5 {[%emt 0:00:03]} 2. e3 {[%emt 0:03:01]} Nf6 {[%emt 0:00:41]} 3. c4 {[%emt 0:00:05]} c6 {[%emt 0:01:08]} 4. d4 {[%emt 0:01:35]} Bf5 {[%emt 0:00:58]} 5. Nc3 {[%emt 0:00:06]} e6 {[%emt 0:00:12]} 6. Nh4 {[%emt 0:00:06]} Bg6 {[%emt 0:00:54]} 7. Qb3 {[%emt 0:02:31]} Qc7 {[%emt 0:01:55]} 8. Bd2 {[%emt 0:01:01]} Nbd7 {[%emt 0:01:09]} 9. Nxg6 {[%emt 0:03:04]} hxg6 {[%emt 0:00:20]} 10. g3 {[%emt 0:01:32]} Be7 {[%emt 0:01:37]} 11. Bg2 {[%emt 0:00:33]} O-O {[%emt 0:01:07]} 12. O-O {[%emt 0:00:59]} Qb6 {[%emt 0:04:24]} 13. Rfd1 {[%emt 0:17:14]} Rfe8 {[%emt 0:10:28]} 14. f4 {[%emt 0:01:39]} Reb8 {[%emt 0:30:33]} 15. Bf3 {[%emt 0:06:59]} Qd8 {[%emt 0:03:48]} 16. Qc2 {[%emt 0:10:50]} b5 {[%emt 0:02:01]} 17. b3 {[%emt 0:01:50]} bxc4 {[%emt 0:01:11]} 18. bxc4 {[%emt 0:00:05]} Nb6 {[%emt 0:00:36]} 19. c5 {[%emt 0:01:22]} Nc4 {[%emt 0:00:27]} 20. Na4 {[%emt 0:05:22]} Rb7 {[%emt 0:05:10]} 21. h4 {[%emt 0:11:28]} Rab8 {[%emt 0:01:56]} 22. Kg2 {[%emt 0:10:59]} Nb2 {[%emt 0:15:26]} 23. Re1 {[%emt 0:04:31]} Ne4 {[%emt 0:01:50]} 24. Re2 {[%emt 0:06:09]} Nxd2 {[%emt 0:03:37]} 25. Rxd2 {[%emt 0:00:01]} Qa5 {[%emt 0:03:19]} 26. Nxb2 {[%emt 0:00:56]} Qxd2+ {[%emt 0:02:04]} 27. Qxd2 {[%emt 0:08:39]} Rxb2 {[%emt 0:00:06]} 28. Rd1 {[%emt 0:00:43]} Bd8 {[%emt 0:00:27]} 29. Kf1 {[%emt 0:00:33]} Rxd2 {[%emt 0:00:05]} 30. Rxd2 {[%emt 0:00:02]} Rb1+ {[%emt 0:01:12]} 31. Bd1 {[%emt 0:00:47]} Kf8 {[%emt 0:00:48]} 32. Ke2 {[%emt 0:00:37]} Ke8 {[%emt 0:00:30]} 33. Bc2 {[%emt 0:00:32]} Rh1 {[%emt 0:01:19]} 34. Ba4 {[%emt 0:00:31]} Kd7 {[%emt 0:00:07]} 35. Kf3 {[%emt 0:00:21]} Rb1 {[%emt 0:01:07]} 36. Rh2 {[%emt 0:00:41]} Rf1+ {[%emt 0:00:46]} 37. Ke2 {[%emt 0:00:09]} Rb1 {[%emt 0:00:21]} 38. Kf3 {[%emt 0:00:00]} Rf1+ {[%emt 0:00:20]} 39. Ke2 {[%emt 0:01:18]} Rb1 {[%emt 0:00:10]} 40. Kf3 {[%emt 0:00:32]} Rf1+ {[%emt 0:00:22]} 41. Rf2 {[%emt 0:00:19]} Rxf2+ {[%emt 0:00:57]} 42. Kxf2 {[%emt 0:00:01]} f5 {[%emt 0:00:31]} 43. Kf3 {[%emt 0:01:04]} Be7 {[%emt 0:00:59]} 44. Bd1 {[%emt 0:00:25]} Bd8 {[%emt 0:00:09]} 45. Kf2 {[%emt 0:00:11]} Be7 {[%emt 0:00:16]} 46. Ke1 {[%emt 0:00:19]} Bd8 {[%emt 0:00:05]} 47. Ke2 {[%emt 0:00:04]} Be7 {[%emt 0:00:58]} 48. Kf2 {[%emt 0:00:09]} Bd8 {[%emt 0:00:16]} 49. Kg2 {[%emt 0:01:51]} Ba5 {[%emt 0:01:11]} 50. h5 {[%emt 0:00:36]} gxh5 {[%emt 0:00:23]} 51. Bxh5 {[%emt 0:00:06]} Bd8 {[%emt 0:01:00]} 52. g4 {[%emt 0:00:42]} fxg4 {[%emt 0:00:56]} 53. Kg3 {[%emt 0:00:41]} g5 {[%emt 0:00:34]} 54. Kxg4 {[%emt 0:00:24]} gxf4 {[%emt 0:00:05]} 55. Kxf4 {[%emt 0:00:06]} Bf6 {[%emt 0:01:28]} 56. Bg4 {[%emt 0:00:31]} Ke7 {[%emt 0:00:18]} 57. Bh3 {[%emt 0:00:37]} Bh4 {[%emt 0:00:42]} 58. Bg4 {[%emt 0:00:38]} Bf6 {[%emt 0:00:07]} 59. Bd1 {[%emt 0:00:43]} Kd7 {[%emt 0:02:01]} 60. Ba4 {[%emt 0:00:32]} Kc7 {[%emt 0:00:45]} 61. Kg4 {[%emt 0:00:24]} Kd7 {[%emt 0:00:18]} 62. Kf4 {[%emt 0:00:36]} Kc7 {[%emt 0:00:10]} 63. Bd1 {[%emt 0:00:14]} Kd7 {[%emt 0:00:06]} 64. Bg4 {[%emt 0:00:02]} Ke7 {[%emt 0:00:12]} 65. Kf3 {[%emt 0:00:21]} e5 {[%emt 0:00:47]} 66. dxe5 {[%emt 0:00:07]} Bxe5 {[%emt 0:00:04]} 67. e4 {[%emt 0:00:39]} dxe4+ {[%emt 0:00:16]} 68. Kxe4 {[%emt 0:00:02]} Bh2 {[%emt 0:00:24]} 1/2-1/2

[Event "7th Iberoamerican-ch 2019"]
[Site "Linares"]
[Date "2019.08.12"]
[Round "3.24"]
[White "Cori T., Deysi"]
[Black "Gomez Barrera, Javiera Belen"]
[Result "1-0"]
[WhiteElo "2405"]
[BlackElo "2156"]
[Annotator "NA"]
[PlyCount "67"]
[EventDate "2019.08.10"]
[EventType "swiss"]
[EventCountry "ESP"]
[SourceTitle "playchess.com"]
[Source "ChessBase"]
[SourceQuality "1"]
[TimeControl "5400+30"]

1. d4 {[%emt 0:00:00]} Nf6 {[%emt 0:00:00]} 2. Nf3 {[%emt 0:00:00]} g6 {[%emt 0:00:09]} 3. g3 {[%emt 0:00:05]} Bg7 {[%emt 0:00:06]} 4. Bg2 {[%emt 0:00:02]} O-O {[%emt 0:00:48]} 5. O-O {[%emt 0:00:06]} d6 {[%emt 0:00:10]} 6. b3 {[%emt 0:00:13]} e5 {[%emt 0:08:13]} 7. dxe5 {[%emt 0:00:46]} dxe5 {[%emt 0:01:11]} 8. Bb2 {[%emt 0:05:22]} e4 {[%emt 0:02:22]} 9. Nd4 {[%emt 0:01:00]} a6 {[%emt 0:19:41]} 10. b4 {[%emt 0:04:47]} Qe7 {[%emt 0:05:33]} 11. a3 {[%emt 0:03:31]} Nbd7 {[%emt 0:03:42]} 12. c4 {[%emt 0:06:09]} c5 {[%emt 0:10:35]} 13. Nb3 {[%emt 0:00:14]} Rd8 {[%emt 0:01:08]} 14. Qc2 {[%emt 0:02:42]} cxb4 {[%emt 0:04:59]} 15. axb4 {[%emt 0:00:02]} Ne5 {[%emt 0:01:05]} 16. Nc5 {[%emt 0:07:22]} Bf5 {[%emt 0:06:28]} 17. Qb3 {[%emt 0:04:59]} Nc6 {[%emt 0:03:59]} 18. Nc3 {[%emt 0:01:19]} a5 {[%emt 0:02:43]} 19. Rfc1 {[%emt 0:29:02]} Nxb4 {[%emt 0:07:43]} 20. N5a4 {[%emt 0:00:22]} Ra6 {[%emt 0:05:55]} 21. Nb5 {[%emt 0:02:14]} Ne8 {[%emt 0:12:03]} 22. Bxg7 {[%emt 0:01:22]} Nxg7 {[%emt 0:00:04]} 23. Qe3 {[%emt 0:00:21]} Rc6 {[%emt 0:01:21]} 24. h3 {[%emt 0:02:03]} Qe5 {[%emt 0:01:29]} 25. Rd1 {[%emt 0:10:50]} Re8 {[%emt 0:00:30]} 26. Qa7 {[%emt 0:01:46]} Ne6 {[%emt 0:00:30]} 27. Qxb7 {[%emt 0:01:25]} Nc5 {[%emt 0:00:31]} 28. Nxc5 {[%emt 0:00:49]} Qxc5 {[%emt 0:00:27]} 29. Rxa5 {[%emt 0:01:23]} Re7 {[%emt 0:00:32]} 30. Qb8+ {[%emt 0:04:11]} Kg7 {[%emt 0:00:26]} 31. Rd8 {[%emt 0:02:09]} Qxc4 {[%emt 0:00:32]} 32. Nd4 {[%emt 0:02:20]} Rc5 {[%emt 0:00:33]} 33. Rg8+ {[%emt 0:00:15]} Kf6 {[%emt 0:00:28]} 34. Qd6+ {[%emt 0:00:12]} 1-0

[Event "7th Iberoamerican-ch 2019"]
[Site "Linares"]
[Date "2019.08.12"]
[Round "3.25"]
[White "Rodriguez Del Cerro, Ricardo"]
[Black "Lopez Mulet, Inigo"]
[Result "1-0"]
[WhiteElo "2235"]
[BlackElo "2378"]
[Annotator "NA"]
[PlyCount "51"]
[EventDate "2019.08.10"]
[EventType "swiss"]
[EventCountry "ESP"]
[SourceTitle "playchess.com"]
[Source "ChessBase"]
[SourceQuality "1"]
[TimeControl "5400+30"]

1. Nf3 {[%emt 0:01:34]} c5 {[%emt 0:03:39]} 2. c4 {[%emt 0:00:41]} Nc6 {[%emt 0:00:35]} 3. Nc3 {[%emt 0:01:07]} g6 {[%emt 0:00:59]} 4. g3 {[%emt 0:02:17]} Bg7 {[%emt 0:00:31]} 5. Bg2 {[%emt 0:00:11]} d6 {[%emt 0:01:44]} 6. O-O {[%emt 0:01:31]} Bf5 {[%emt 0:05:28]} 7. b3 {[%emt 0:12:37]} Qd7 {[%emt 0:03:11]} 8. Bb2 {[%emt 0:04:53]} Bh3 {[%emt 0:04:50]} 9. Qc1 {[%emt 0:14:30]} e5 {[%emt 0:09:38]} 10. Nd5 {[%emt 0:14:41]} Rc8 {[%emt 0:02:04]} 11. Bxh3 {[%emt 0:01:39]} Qxh3 {[%emt 0:00:07]} 12. Ng5 {[%emt 0:00:28]} Qg4 {[%emt 0:10:40]} 13. f4 {[%emt 0:02:07]} Nf6 {[%emt 0:33:15]} 14. fxe5 {[%emt 0:09:33]} Nxd5 {[%emt 0:00:29]} 15. cxd5 {[%emt 0:05:16]} Nd4 {[%emt 0:00:12]} 16. Bxd4 {[%emt 0:04:20]} cxd4 {[%emt 0:02:12]} 17. Qa3 {[%emt 0:02:47]} O-O {[%emt 0:00:58]} 18. Nxf7 {[%emt 0:02:47]} Rxf7 {[%emt 0:12:36]} 19. Rxf7 {[%emt 0:08:09]} Kxf7 {[%emt 0:00:04]} 20. Qxd6 {[%emt 0:00:23]} Rf8 {[%emt 0:03:41]} 21. e6+ {[%emt 0:02:07]} Kg8 {[%emt 0:00:07]} 22. e7 {[%emt 0:00:15]} Re8 {[%emt 0:00:22]} 23. Qd8 {[%emt 0:00:49]} Qc8 {[%emt 0:03:27]} 24. Qxc8 {[%emt 0:00:11]} Rxc8 {[%emt 0:00:04]} 25. d6 {[%emt 0:00:05]} d3 {[%emt 0:00:59]} 26. d7 {[%emt 0:00:12]} 1-0